General knowledge quiz USA - Statistics

General Stats
  • This quiz has been taken 53 times
    51 since last reset
  • The average score is 16 of 20
Answer Stats
Hint Answer % Correct
What country is above America Canada
98%
What country is below America Mexico
98%
What is the biggest city in the U.S. New York
98%
What country did America get its independence from United Kingdom
98%
The second biggest Los Angeles
96%
What is the national animal of the USA Bald eagle
93%
What US state has the biggest population California
93%
The third biggest Chicago
93%
What is the most recent U.S. state Hawaii
91%
What state in America was part of 6 different countries Texas
84%
When was America founded 1776
82%
What has the smallest Wyoming
82%
What side of World War 2 was America on Allies
80%
What state is the U.S. capitol located in Washington D.C.
80%
What is the “51st” state Puerto Rico
78%
What is the national anthem of the USA Star Spangled Banner
78%
Where do the second biggest number of immigrants to America come from China
60%
What American company makes the most money Apple
58%
What famous Miley Cyrus song has America in the title Party in the USA
58%
What show did America steal from the U.K. and then make much better (hint: it changed the name Tim to Jim) The Office
49%
No matching quizzes found
Score Distribution
Percent of People with Each Score
Percentile by Number Answered
Your Score History
You have not taken this quiz since the last reset